| 000 | 00468nam a2200169 4500 | ||
|---|---|---|---|
| 001 | 4807 | ||
| 005 | 20181127174146.0 | ||
| 090 | 0 | 0 | _a495.48 I312m 2015 |
| 100 | 0 | 0 | _aImaeda, Yoshiro. |
| 245 | 0 | 0 |
_aManual of spoken dzongkha / _b _cYoshiro Imaeda. _h |
| 260 | 0 | 0 |
_aNgabiphu : _bRoyal Thimphu College, _c2015. |
| 300 | 0 | 0 | _a68 p. |
| 500 | _aManual of spoken dzongkha. | ||
| 500 | _aXerographic copy in a binder. | ||
| 500 | 0 | 0 | _aIn Dzongkha. |
| 650 | 0 | 0 |
_aDzongkha language. _x |
| 999 |
_c3991 _d3991 |
||